| 000 | 00487nam a2200181 a 4500 | ||
|---|---|---|---|
| 001 | 1577 | ||
| 005 | 20140414131954.0 | ||
| 008 | 010904s19uu xx 00 eng d | ||
| 020 | _a1-85758-377-9 | ||
| 050 |
_aTR 372.7 _bH176 1996 |
||
| 100 | _aHall, Godfrey | ||
| 245 |
_aBack to basics : _cGodfrey Hall. _bScience, for 9-10 year olds / |
||
| 260 |
_aLondon : _bLetts Educational, _c1996. |
||
| 300 | _a32 p. : ill. ; cm. | ||
| 440 | _aLetts | ||
| 650 | _aScience. | ||
| 999 |
_c112866 _d112866 |
||